[Event "Seville op 47th"]
[Site "Seville"]
[Date "2022.07.16"]
[Round "1"]
[White "Garcia Ortega, Manuel"]
[Black "Fernandez Guillen, Ernesto J"]
[Result "0-1"]
[WhiteElo "1707"]
[BlackElo "2383"]
[PlyCount "50"]
[EventDate "2022.07.16"]
[EventType "swiss"]
[EventRounds "9"]
[EventCountry "ESP"]
[SourceTitle "CBM 209 Extra"]
[Source "ChessBase"]
[SourceDate "2022.09.30"]
[SourceVersion "1"]
[SourceVersionDate "2022.09.30"]
[SourceQuality "1"]

1. Nf3 Nf6 2. g3 e6 3. Bg2 d5 4. d4 b6 5. c4 Bb7 6. Nc3 Be7 7. Bf4 0-0 8. cxd5 exd5 9. 0-0 Re8 10. Rc1 c6 11. Re1 Nbd7 12. a3 Bf8 13. Qd3 a5 14. e4 dxe4 15. Nxe4 Nxe4 16. Rxe4 Nc5 17. Rxc5 bxc5 18. Be5 Ba6 19. Qc2 cxd4 20. Rxd4 Qe7 21. Rh4 h6 22. Bh3 Qc5 23. Qd2 Rxe5 24. Nxe5 Qxe5 25. Rg4 Re8 0-1

[Event "Seville op 46th"]
[Site "Seville"]
[Date "2021.06.30"]
[Round "1"]
[White "Garcia Ortega, Manuel"]
[Black "Bernabeu Lopez, Carlos Javier"]
[Result "0-1"]
[WhiteElo "1719"]
[BlackElo "2403"]
[PlyCount "58"]
[EventDate "2021.06.30"]
[EventType "swiss"]
[EventRounds "7"]
[EventCountry "ESP"]
[SourceTitle "CBM 203 Extra"]
[Source "ChessBase"]
[SourceDate "2021.09.30"]
[SourceVersion "1"]
[SourceVersionDate "2021.09.30"]
[SourceQuality "1"]

1. e4 c5 2. b3 Nc6 3. Bb2 b6 4. Nf3 Bb7 5. d4 cxd4 6. Nxd4 Nf6 7. f3 e6 8. Bb5 Qc7 9. Bxc6 dxc6 10. Qe2 0-0-0 11. a4 a6 12. Nd2 c5 13. Nb5 axb5 14. axb5 Rxd2 15. Qxd2 h6 16. c4 Bd6 17. g3 Rd8 18. 0-0-0 Be7 19. Qe3 e5 20. g4 Nxg4 21. Rxd8+ Bxd8 22. Qg1 f5 23. h4 Nf6 24. Qg3 fxe4 25. Bxe5 Qd7 26. Rd1 Qf5 27. f4 Ng4 28. Qg2 Bxh4 29. Qd2 Nxe5 0-1